000 00839nam a2200241Ia 4500
003 OSt
005 20220923212420.0
006 a|||||r|||| 00| 0
007 ta
008 220922b |||||||| |||| 00| 0 hin d
024 _a152,757
037 _cTextual
040 _aARTS
_cARTS
_bhin
041 _2hin
_ahin
082 _aND2,N9(Q2), 152M3
100 _aचतुर्वेदी, श्रीनारायण
245 0 _aनागर शैली के नये हिन्दु मन्दिर
246 _aNāgar shailī ke naye hindu hindira
260 _aदिल्ली
_b प्रभात प्रकाशन
_c1983
300 _a174 पृ.
_ccm.
942 _hND2,N9(Q2), 152M3
_cTEXL
_2CC
999 _c308406
_d308406